<?xml version="1.0" encoding="UTF-8"?>
<record
    xmlns:xsi="http://www.w3.org/2001/XMLSchema-instance"
    xsi:schemaLocation="http://www.loc.gov/MARC21/slim http://www.loc.gov/standards/marcxml/schema/MARC21slim.xsd"
    xmlns="http://www.loc.gov/MARC21/slim">

  <leader>02570nam0a2200385   4500</leader>
  <controlfield tag="001">RU\NLR\bibl\1396778</controlfield>
  <controlfield tag="005">20260407210640.0</controlfield>
  <datafield tag="010" ind1=" " ind2=" ">
    <subfield code="a">978-5-89982-256-8</subfield>
    <subfield code="9">100</subfield>
  </datafield>
  <datafield tag="021" ind1=" " ind2=" ">
    <subfield code="a">RU</subfield>
    <subfield code="b">2009-41215</subfield>
    <subfield code="9">2505</subfield>
  </datafield>
  <datafield tag="035" ind1=" " ind2=" ">
    <subfield code="a">(NLR Aleph) 001388798</subfield>
  </datafield>
  <datafield tag="090" ind1=" " ind2=" ">
    <subfield code="a">1148736</subfield>
    <subfield code="c">1148736</subfield>
  </datafield>
  <datafield tag="100" ind1=" " ind2=" ">
    <subfield code="a">20090803d2009    |||y0rusy50      ca</subfield>
  </datafield>
  <datafield tag="101" ind1="0" ind2=" ">
    <subfield code="a">rus</subfield>
  </datafield>
  <datafield tag="102" ind1=" " ind2=" ">
    <subfield code="a">RU</subfield>
  </datafield>
  <datafield tag="105" ind1=" " ind2=" ">
    <subfield code="a">y   |||||||||</subfield>
  </datafield>
  <datafield tag="200" ind1="1" ind2=" ">
    <subfield code="a">&#x41F;&#x440;&#x43E;&#x431;&#x43B;&#x435;&#x43C;&#x44B; &#x440;&#x430;&#x437;&#x432;&#x438;&#x442;&#x438;&#x44F; &#x43F;&#x440;&#x43E;&#x444;&#x435;&#x441;&#x441;&#x438;&#x43E;&#x43D;&#x430;&#x43B;&#x44C;&#x43D;&#x43E;&#x439; &#x43A;&#x43E;&#x43C;&#x43F;&#x435;&#x442;&#x435;&#x43D;&#x442;&#x43D;&#x43E;&#x441;&#x442;&#x438; &#x432;&#x437;&#x440;&#x43E;&#x441;&#x43B;&#x44B;&#x445;, &#x43E;&#x442;&#x432;&#x435;&#x442;&#x441;&#x442;&#x432;&#x435;&#x43D;&#x43D;&#x44B;&#x445; &#x437;&#x430; &#x441;&#x443;&#x434;&#x44C;&#x431;&#x443; &#x440;&#x435;&#x431;&#x435;&#x43D;&#x43A;&#x430;, &#x43E;&#x441;&#x442;&#x430;&#x432;&#x448;&#x435;&#x433;&#x43E;&#x441;&#x44F; &#x431;&#x435;&#x437; &#x440;&#x43E;&#x434;&#x438;&#x442;&#x435;&#x43B;&#x44C;&#x441;&#x43A;&#x43E;&#x439; &#x43E;&#x43F;&#x435;&#x43A;&#x438;</subfield>
    <subfield code="e">&#x43C;&#x430;&#x442;&#x435;&#x440;&#x438;&#x430;&#x43B;&#x44B; &#x440;&#x435;&#x433;&#x438;&#x43E;&#x43D;&#x430;&#x43B;&#x44C;&#x43D;&#x43E;&#x439; &#x43D;&#x430;&#x443;&#x447;&#x43D;&#x43E;-&#x43F;&#x440;&#x430;&#x43A;&#x442;&#x438;&#x447;&#x435;&#x441;&#x43A;&#x43E;&#x439; &#x43A;&#x43E;&#x43D;&#x444;&#x435;&#x440;&#x435;&#x43D;&#x446;&#x438;&#x438;, &#x41E;&#x43C;&#x441;&#x43A;, 5 &#x434;&#x435;&#x43A;&#x430;&#x431;&#x440;&#x44F; 2008 &#x433;.</subfield>
    <subfield code="f">[&#x440;&#x435;&#x434;&#x43A;&#x43E;&#x43B;.: &#x43A;.&#x43F;&#x441;&#x438;&#x445;&#x43E;&#x43B;.&#x43D;. &#x418;.&#x41F;. &#x41F;&#x43E;&#x441;&#x430;&#x448;&#x43A;&#x43E;&#x432;&#x430;]</subfield>
  </datafield>
  <datafield tag="210" ind1=" " ind2=" ">
    <subfield code="a">&#x41E;&#x43C;&#x441;&#x43A;</subfield>
    <subfield code="c">&#x411;&#x41E;&#x423;&#x414;&#x41F;&#x41E; "&#x418;&#x420;&#x41E;&#x41E;&#x41E;"</subfield>
    <subfield code="d">2009</subfield>
  </datafield>
  <datafield tag="215" ind1=" " ind2=" ">
    <subfield code="a">104 &#x441;.</subfield>
    <subfield code="d">21</subfield>
  </datafield>
  <datafield tag="225" ind1="1" ind2=" ">
    <subfield code="a">&#x411;&#x438;&#x431;&#x43B;&#x438;&#x43E;&#x442;&#x435;&#x43A;&#x430; &#x43D;&#x430;&#x443;&#x447;&#x43D;&#x43E;-&#x43F;&#x440;&#x430;&#x43A;&#x442;&#x438;&#x447;&#x435;&#x441;&#x43A;&#x438;&#x445; &#x43A;&#x43E;&#x43D;&#x444;&#x435;&#x440;&#x435;&#x43D;&#x446;&#x438;&#x439;</subfield>
  </datafield>
  <datafield tag="300" ind1=" " ind2=" ">
    <subfield code="a">&#x412; &#x43D;&#x430;&#x434;&#x437;&#x430;&#x433;.: &#x41C;-&#x432;&#x43E; &#x43E;&#x431;&#x440;&#x430;&#x437;&#x43E;&#x432;&#x430;&#x43D;&#x438;&#x44F; &#x41E;&#x43C;&#x441;&#x43A;&#x43E;&#x439; &#x43E;&#x431;&#x43B;., &#x411;&#x44E;&#x434;&#x436;&#x435;&#x442;. &#x43E;&#x431;&#x440;&#x430;&#x437;&#x43E;&#x432;&#x430;&#x442;. &#x443;&#x447;&#x440;&#x435;&#x436;&#x434;&#x435;&#x43D;&#x438;&#x435; &#x434;&#x43E;&#x43F;. &#x43F;&#x440;&#x43E;&#x444;. &#x43E;&#x431;&#x440;&#x430;&#x437;&#x43E;&#x432;&#x430;&#x43D;&#x438;&#x44F; "&#x418;&#x43D;-&#x442; &#x440;&#x430;&#x437;&#x432;&#x438;&#x442;&#x438;&#x44F; &#x43E;&#x431;&#x440;&#x430;&#x437;&#x43E;&#x432;&#x430;&#x43D;&#x438;&#x44F; &#x41E;&#x43C;&#x441;&#x43A;&#x43E;&#x439; &#x43E;&#x431;&#x43B;."</subfield>
  </datafield>
  <datafield tag="606" ind1="1" ind2=" ">
    <subfield code="a">&#x414;&#x435;&#x442;&#x441;&#x43A;&#x438;&#x435; &#x434;&#x43E;&#x43C;&#x430;</subfield>
    <subfield code="j">&#x421;&#x44A;&#x435;&#x437;&#x434;&#x44B;, &#x441;&#x43E;&#x432;&#x435;&#x449;&#x430;&#x43D;&#x438;&#x44F; &#x438; &#x442;.&#x43F;.</subfield>
    <subfield code="x">&#x41A;&#x430;&#x434;&#x440;&#x44B;</subfield>
    <subfield code="x">&#x41F;&#x43E;&#x434;&#x433;&#x43E;&#x442;&#x43E;&#x432;&#x43A;&#x430;</subfield>
    <subfield code="9">2595127</subfield>
    <subfield code="3">RU\NLR\auth\661533385</subfield>
  </datafield>
  <datafield tag="606" ind1="1" ind2=" ">
    <subfield code="a">&#x417;&#x430;&#x43C;&#x435;&#x449;&#x430;&#x44E;&#x449;&#x438;&#x435; &#x440;&#x43E;&#x434;&#x438;&#x442;&#x435;&#x43B;&#x438;</subfield>
    <subfield code="j">&#x421;&#x44A;&#x435;&#x437;&#x434;&#x44B;, &#x441;&#x43E;&#x432;&#x435;&#x449;&#x430;&#x43D;&#x438;&#x44F; &#x438; &#x442;.&#x43F;.</subfield>
    <subfield code="x">&#x41F;&#x43E;&#x434;&#x433;&#x43E;&#x442;&#x43E;&#x432;&#x43A;&#x430;</subfield>
    <subfield code="9">2560207</subfield>
    <subfield code="3">RU\NLR\auth\661514501</subfield>
  </datafield>
  <datafield tag="606" ind1="1" ind2=" ">
    <subfield code="a">&#x414;&#x435;&#x442;&#x441;&#x43A;&#x438;&#x435; &#x434;&#x43E;&#x43C;&#x430;</subfield>
    <subfield code="j">&#x421;&#x44A;&#x435;&#x437;&#x434;&#x44B;, &#x441;&#x43E;&#x432;&#x435;&#x449;&#x430;&#x43D;&#x438;&#x44F; &#x438; &#x442;.&#x43F;.</subfield>
    <subfield code="x">&#x423;&#x447;&#x435;&#x431;&#x43D;&#x43E;-&#x432;&#x43E;&#x441;&#x43F;&#x438;&#x442;&#x430;&#x442;&#x435;&#x43B;&#x44C;&#x43D;&#x430;&#x44F; &#x440;&#x430;&#x431;&#x43E;&#x442;&#x430;</subfield>
    <subfield code="9">946897</subfield>
    <subfield code="3">RU\NLR\auth\66351242</subfield>
  </datafield>
  <datafield tag="686" ind1=" " ind2=" ">
    <subfield code="a">&#x427;489.518&#x44F;431</subfield>
  </datafield>
  <datafield tag="686" ind1=" " ind2=" ">
    <subfield code="a">&#x427;491.95&#x44F;431</subfield>
  </datafield>
  <datafield tag="686" ind1=" " ind2=" ">
    <subfield code="a">&#x427;421.342&#x44F;431</subfield>
  </datafield>
  <datafield tag="686" ind1=" " ind2=" ">
    <subfield code="a">&#x427;421.440.7&#x44F;431</subfield>
  </datafield>
  <datafield tag="702" ind1=" " ind2="1">
    <subfield code="4">070</subfield>
    <subfield code="7">ca</subfield>
    <subfield code="8">rus</subfield>
    <subfield code="a">&#x41F;&#x43E;&#x441;&#x430;&#x448;&#x43A;&#x43E;&#x432;&#x430;</subfield>
    <subfield code="b">&#x418;. &#x41F;.</subfield>
    <subfield code="g">&#x418;&#x440;&#x438;&#x43D;&#x430; &#x41F;&#x435;&#x442;&#x440;&#x43E;&#x432;&#x43D;&#x430;</subfield>
    <subfield code="9">258212</subfield>
    <subfield code="3">RU\NLR\AUTH\770258268</subfield>
  </datafield>
  <datafield tag="711" ind1="1" ind2="2">
    <subfield code="4">070</subfield>
    <subfield code="a">&#x420;&#x435;&#x433;&#x438;&#x43E;&#x43D;&#x430;&#x43B;&#x44C;&#x43D;&#x430;&#x44F; &#x43D;&#x430;&#x443;&#x447;&#x43D;&#x43E;-&#x43F;&#x440;&#x430;&#x43A;&#x442;&#x438;&#x447;&#x435;&#x441;&#x43A;&#x430;&#x44F; &#x43A;&#x43E;&#x43D;&#x444;&#x435;&#x440;&#x435;&#x43D;&#x446;&#x438;&#x44F; &#x43F;&#x43E; &#x442;&#x435;&#x43C;&#x435; "&#x41F;&#x440;&#x43E;&#x431;&#x43B;&#x435;&#x43C;&#x44B; &#x440;&#x430;&#x437;&#x432;&#x438;&#x442;&#x438;&#x44F; &#x43F;&#x440;&#x43E;&#x444;&#x435;&#x441;&#x441;&#x438;&#x43E;&#x43D;&#x430;&#x43B;&#x44C;&#x43D;&#x43E;&#x439; &#x43A;&#x43E;&#x43C;&#x43F;&#x435;&#x442;&#x435;&#x43D;&#x442;&#x43D;&#x43E;&#x441;&#x442;&#x438; &#x432;&#x437;&#x440;&#x43E;&#x441;&#x43B;&#x44B;&#x445;, &#x43E;&#x442;&#x432;&#x435;&#x442;&#x441;&#x442;&#x432;&#x435;&#x43D;&#x43D;&#x44B;&#x445; &#x437;&#x430; &#x441;&#x443;&#x434;&#x44C;&#x431;&#x443; &#x440;&#x435;&#x431;&#x435;&#x43D;&#x43A;&#x430;, &#x43E;&#x441;&#x442;&#x430;&#x432;&#x448;&#x435;&#x433;&#x43E;&#x441;&#x44F; &#x431;&#x435;&#x437; &#x440;&#x43E;&#x434;&#x438;&#x442;&#x435;&#x43B;&#x44C;&#x441;&#x43A;&#x43E;&#x439; &#x43E;&#x43F;&#x435;&#x43A;&#x438;"</subfield>
    <subfield code="d">2</subfield>
    <subfield code="f">2008</subfield>
    <subfield code="e">&#x41E;&#x43C;&#x441;&#x43A;</subfield>
    <subfield code="3">RU\NLR\AUTH\8810139384</subfield>
    <subfield code="9">773918</subfield>
  </datafield>
  <datafield tag="801" ind1=" " ind2="0">
    <subfield code="a">RU</subfield>
    <subfield code="b">NLR</subfield>
    <subfield code="c">20090803</subfield>
    <subfield code="g">RCR</subfield>
  </datafield>
  <datafield tag="801" ind1=" " ind2="1">
    <subfield code="a">RU</subfield>
    <subfield code="b">NLR</subfield>
    <subfield code="c">20090803</subfield>
  </datafield>
  <datafield tag="942" ind1=" " ind2=" ">
    <subfield code="c">BOOK</subfield>
  </datafield>
  <datafield tag="980" ind1=" " ind2=" ">
    <subfield code="a">NB</subfield>
  </datafield>
  <datafield tag="980" ind1=" " ind2=" ">
    <subfield code="a">NBR</subfield>
  </datafield>
  <datafield tag="995" ind1=" " ind2=" ">
    <subfield code="5">2009-08-03</subfield>
    <subfield code="a">ad</subfield>
    <subfield code="b">NLR01</subfield>
    <subfield code="c">NLR01</subfield>
    <subfield code="e">RF9</subfield>
    <subfield code="f">2967322</subfield>
    <subfield code="k">2009-3/24203</subfield>
    <subfield code="o">0</subfield>
    <subfield code="r">BOOK</subfield>
    <subfield code="s">2009324203_</subfield>
  </datafield>
  <datafield tag="995" ind1=" " ind2=" ">
    <subfield code="5">2009-08-03</subfield>
    <subfield code="a">ad</subfield>
    <subfield code="b">NLR01</subfield>
    <subfield code="c">NLR01</subfield>
    <subfield code="e">RF9</subfield>
    <subfield code="f">2967323</subfield>
    <subfield code="k">2009-3/24203</subfield>
    <subfield code="o">0</subfield>
    <subfield code="r">BOOK</subfield>
    <subfield code="s">2009324203_</subfield>
  </datafield>
</record>
